000 00798nam a22002297a 4500
003 OSt
005 20260424055753.0
008 260424b |||||||| |||| 00| 0 eng d
020 _a978-621-04-2166-8
040 _aDWCL Main Lib.
_cOC
082 _2First edition
_a305.231 D364c 2021
100 _aDel Rosario, Katherine E.
245 _aA Course module for child development
_cKatherine E. Del Rosario
250 _aFirst edition
260 _aSampaloc, Manila, Philippines :
_bRex Bookstore,
_cc2021
300 _avi , 302 pages :
_billustrations ;
_c26cm.
504 _aincludes bibliographical references and index.
650 _aChild development-- study and teaching
700 _aAlbor, Rufo Gil Z.
760 _bFirst edition
942 _2ddc
_cBK - FIL
_eFirst edition
_hFil.
_n0
999 _c9852
_d9852